000 00614nam a2200193Ia 4500
008 140925s9999 xx 000 0 und d
020 _a1744-6171
100 _aDelaney, Kathleen R.
245 _aJournal of Child and Adolescent Psychiatric Nursing /
_cKathleen R. Delaney.
_h[electronic resource]
260 _bJohn Wiley & Sons, Inc.,
_cc2014.
516 _aElectronic text
650 _aJournal.
650 _aNursing.
650 _aPsychiatric.
830 _aJohn Wiley & Sons, Inc.
856 _uhttp://onlinelibrary.wiley.com/journal/10.1111/%28ISSN%291744-6171
942 _cEJ
999 _c275672
_d275672